La porción conyugal y los acervos imaginarios

Sparad:
Bibliografiska uppgifter
Huvudupphovsman: Pinochet Contreras, Oscar (Författare, medförfattare)
Materialtyp: Bok
Språk:spanska
Publicerad: Santiago Fantasía 1955
Ämnen:
Taggar: Lägg till en tagg
Inga taggar, Lägg till första taggen!

MARC

LEADER 00000nam a2200000 a 4500
001 UCS1207
003 CL-VaPUC
008 970509e19550000CL |||||||||||||||||spa|d
082 0 4 |a 346.016  |b PIN  |2 21 
100 0 |a Pinochet Contreras, Oscar  |e author  |9 385472 
245 1 3 |a La porción conyugal y los acervos imaginarios 
300 |a v 
942 |c BK 
945 |d 19970509 00:00:00  |a cmena 
260 |a Santiago  |b Fantasía  |c 1955 
500 |a El caso de interpretación más controvertido en los anales del derecho 
650 0 |a Derecho civil  |9 255013 
650 0 |a Derecho privado  |9 258243 
650 7 |a CONYUGES  |2 CL-VaPUC  |9 256936 
650 0 |a Obligaciones   |9 255578 
650 7 |a MATRIMONIO  |2 CL-VaPUC  |9 385473 
650 0 |a Herencia  |9 256325 
650 0 |a Bienes inmuebles   |9 359521 
650 0 |a Bienes muebles   |9 380927 
650 0 |a Divorcio  |9 256204 
650 0 |a Código civil  |9 256135 
651 7 |a CHILE  |2 CL-VaPUC  |9 385474 
583 |a last modification  |c 19970509 00:00:00  |k Rodrigo Vera 
999 |c 259308  |d 259306 
952 |0 0  |1 0  |4 0  |6 346_016000000000000_PIN_1955  |7 0  |8 X  |9 283963  |a BIBDER  |b BIBDER  |d 2019-11-19  |h v.1  |i 1849344  |o 346.016 PIN 1955  |p 1849344  |r 2023-01-25  |w 2019-11-19  |y BK_X  |k DER